000 00435nam a22001577a 4500
082 _aBESE-2
100 _aAnjli Chhatwani
_992502
245 _aAutomated trading system
260 _aIslamabad
_bNUST-SEECS
_c2015
300 _a77
_eCD Include
500 _aSupervisors:
700 _aKausar Perveen
_992503
700 _aSyeda Sundus Zehra
_992504
856 _uhttp://10.250.8.41:8080/xmlui/handle/123456789/7978
942 _cPR
_2ddc
999 _c13290
_d13290